| 000 | 00665nam a22002417a 4500 | ||
|---|---|---|---|
| 001 | 000423 | ||
| 003 | DO-SdBNP | ||
| 005 | 20171213075824.0 | ||
| 007 | 000423 | ||
| 008 | 160726b 1966 sp ||||| |||| 00| 0 spa d | ||
| 040 |
_aBPMSU _bspa _cBPMSU |
||
| 092 |
_axxxxx _bxxxxx |
||
| 100 | 1 |
_aMatute, Ana María, _d1926-2014. |
|
| 245 | 1 | 0 |
_aLos Abel / _cAna María Matute. |
| 250 | _a2ª ed. | ||
| 260 |
_aBarcelona : _bDestino, _c1966. |
||
| 300 |
_a234 p. ; _c19 cm. |
||
| 490 | 1 |
_aAncora y delfín _v43 |
|
| 830 | 0 |
_aAncora y delfín ; _v43. |
|
| 942 |
_2ddc _cBK |
||
| 945 | _ainventariado extranjero / DG | ||
| 956 |
_2LOPEREZ _310 _620160726 _8BPMSU _a00041 |
||
| 999 |
_c11036 _d11036 |
||